| 000 | 00750cam a22002177a 4500 | ||
|---|---|---|---|
| 008 | 090607t2008 xxu||||| |||| 00| 0 eng d | ||
| 020 | _a 9781856695664 | ||
| 082 |
_222 _a624.1 _bSIL |
||
| 100 | 1 |
_aSilver, Pete _912908 |
|
| 245 |
_aIntroduction to Architectural Technology / _cPete Silver, Will McLean. |
||
| 260 |
_aLondon : _bLaurence King, _cc2008 |
||
| 300 |
_a192 p. : _bill. (chiefly col.) ; _c24 cm. |
||
| 504 | _aIncludes bibliographical references and index | ||
| 650 |
_95305 _aStructural engineering. |
||
| 650 |
_93345 _aArchitectural design |
||
| 650 |
_93916 _aEnvironmental engineering. |
||
| 650 |
_93916 _aEnvironmental engineering. |
||
| 650 |
_93190 _aStructural design |
||
| 700 | 1 |
_aMcLean, Will. _912909 |
|
| 942 |
_2ddc _cBB |
||
| 999 |
_c11741 _d11741 |
||